El Derecho del trabajo y de la seguridad social discusiones y debates /

Detalles Bibliográficos
Formato: Desconocido
Lenguaje:español
Publicado: Bogot,̀ D.C. : Editorial Universidad del Rosario : Universidad Colegio Mayor de Nuestra Seǫra del Rosario, Facultad de Jurisprudencia, 2009.
Materias:
Acceso en línea:Acceso restringido

MARC

LEADER 00000ny a22000003n 4500
005 20100316123024.0
008 100102s2009 ck 000 0 spa
010 |a 2009511675 
020 |a 9789587380088 
035 |a 4900 
040 |a DLC  |c DLC  |d vLex 
090 |c 1054  |d 1054 
245 0 3 |a El Derecho del trabajo y de la seguridad social  |h [Recurso electrn̤ico]  |b discusiones y debates /  |c editores acadm̌icos, Jos ̌Roberto Herrera Vergara ... [et al.]. 
256 |a Servicio en ln̕ea 
260 |a Bogot,̀ D.C. :  |b Editorial Universidad del Rosario :  |b Universidad Colegio Mayor de Nuestra Seǫra del Rosario, Facultad de Jurisprudencia,  |c 2009. 
300 |a v. 
506 1 |a Contenido solo disponible en los productos indicados  |d vLex Global  |d vLex Global (Academic Edition, excluding Law Schools)  |d vLex Global (U.S. Academic Edition, Law Schools)  |d vLex Global (U.S. Academic Edition, excluding Law Schools)  |d vLex Global (Academic Edition, Law Schools) 
650 0 4 |a Seguridad social 
650 0 4 |a Trabajo  |x Derecho 
740 0 |a vLex Libros (Servicios en ln̕ea) 
856 4 0 |u http://vlex.com/source/4900  |z Acceso restringido 
942 |c BOOK